| 000 | 005160000a22001930004500 | ||
|---|---|---|---|
| 001 | 001081 | ||
| 003 | MACL | ||
| 005 | 20150729165628.0 | ||
| 008 | 150729b xxu||||| |||| 00| 0 eng d | ||
| 040 |
_aMACL _cMACL |
||
| 041 | _aEnglish | ||
| 082 | _a341.763/CHA | ||
| 100 |
_aChatterjee, Partha _93334 |
||
| 245 |
_aWages Of Freedom _bFifty Years of the Indian Nation State _cPartha Chatterjee |
||
| 260 |
_aNew Delhi _c1998 _bMacMillan India Limited, |
||
| 350 | _a545 | ||
| 650 |
_aLaw _93335 |
||
| 942 |
_k342 _cBK _2ddc |
||
| 999 |
_c1076 _d1076 |
||